00360nam a2200145Ia 4500008004100000041000800041082001400049100002400063245003200087260002700119300002700146365000800173500000900181700002400190230612s9999 xx 000 0 und d aeng a621.7 GAN aGanesan V. (Editor) aI.C. Engines And Combustion c1989bTata McGraw Hill a1069cRef 87 I (1678G) cRs. a87 I aGanesan V. (Editor)